00745 2200289 4500001002100000005001500021035002000036007000300056040001700059100002500076245003400101250001200135300003300147020002200180041000800202082000800210084001400218090002000232264003800252336002100290337003000311338002300341650001800364850001000382008004100392990002200433INLIS00000000000829020260526125353 a0010-0922000779ta aSBPUPADbind0 aSarmiantiePengarang1 aSi Bujang Miskin /cSarmianti a.-cet.1 aiv,124 hlm. :bilus. ;c21cm a978-979-685-958-0 aind a813 a813 SAR s a813 NEN p 24-10 a.--Jakarta :bPusat Bahasa,c2009 2rdacontentateks 2rdamediaatanpa perantara 2rdacarrieravolume 4aCerita Rakyat aPUPAD260526 1  a12123/H/KAPD/2010